00728nam a22002297a 450000500170000001000120001702000260002903500120005503700160006704000120008308200150009510000160011024500940012624600060022026000420022627000570026830000230032550000510034865000440039965000370044370000180048020170124105920.0 aB-92590 c400.00a9788174451941 aB-92590 bCen Lib/Ret aDPLbEN a307.2bJOS aJoshi, G.V. aRural-urban migration and rural unemployment in india /cby G.V. Joshi [and] Norbert Lobo b  bMohit Publications c2003aNew Delhi  bNew Delhi a4675/21, ansari road dariya ganje110002 av, 180p.c21cm(Hb) aIncludes bibliographical references and index  aRural unemployment--Statistical methods aIndustrialization & Urbanization aLobo, Norbert